Normal view
MARC view
- Arizona State University.
Entry Corporate Name
001 - CONTROL NUMBER
- control field: 104061
003 - CONTROL NUMBER IDENTIFIER
- control field: NUST
005 - DATE AND TIME OF LATEST TRANSACTION
- control field: 20221202184747.0
008 - FIXED-LENGTH DATA ELEMENTS
- fixed length control field: 221202|| aca||aabn | a|a d
040 ## - CATALOGING SOURCE
- Original cataloging agency: NUST
- Transcribing agency: NUST
110 ## - HEADING--CORPORATE NAME
- Corporate name or jurisdiction name as entry element: Arizona State University.
- Subordinate unit: Solar Energy Collection
670 ## - SOURCE DATA FOUND
- Source citation: Work cat.: (NUST)0: Arizona State University. Solar Energy Collection., Solar energy index /, c1980.
